| 000 | 00425nam a22001577a 4500 | ||
|---|---|---|---|
| 008 | 230608b |||||||| |||| 00| 0 eng d | ||
| 040 |
_aNational Science Library _cNational Science Library |
||
| 080 |
_a620.91.004.4 _bM0 |
||
| 100 | _aJensen, J | ||
| 245 | _aEnergy storage | ||
| 260 |
_aLondon: _bNewnes Butterworths, _c1980 |
||
| 300 | _a101p. | ||
| 650 | _aScience | ||
| 653 | _aNatural resources | ||
| 942 |
_2udc _cBK |
||
| 999 |
_c41229 _d41229 |
||